[Event "IECC TH-M-3176"]
[Site "IECC email"]
[Date "2017.07.17"]
[Round "?"]
[White "Walsh, Kevin"]
[Black "Cirovic, Zeljko Sl"]
[Result "1-0"]
[WhiteElo "1680"]
[BlackElo "1620"]
[PlyCount "45"]
[EventDate "2017.??.??"]
[EventType "tourn (corr)"]
[SourceTitle "Corr 2020"]
[Source "ChessBase"]
[SourceDate "2019.09.30"]
[SourceVersion "1"]
[SourceVersionDate "2019.09.30"]
[SourceQuality "1"]
[WhiteTeam "Ireland"]
[BlackTeam "SCG"]
[WhiteTeamCountry "IRL"]

1. f4 c5 2. Nf3 d5 3. e3 Nc6 4. Bb5 Qc7 5. Ne5 e6 6. Bxc6+ bxc6 7. b3 Ne7 8. Bb2 Ba6 9. d3 c4 10. 0-0 Ng6 11. bxc4 dxc4 12. Nxc4 Bc5 13. Ba3 Bb6 14. Nd6+ Kd7 15. Qf3 c5 16. Nxf7 Rhf8 17. Ng5 Bb7 18. Qh3 Qc6 19. Nd2 h6 20. Nge4 Rf5 21. Nc4 Qa4 22. Ned6 Qxc2 23. Nxf5 1-0

[Event "IECC CL4-2013.03 email"]
[Site "IECC email"]
[Date "2013.06.28"]
[Round "?"]
[White "Walsh, Kevin"]
[Black "Garau, Bernard"]
[Result "0-1"]
[WhiteElo "1712"]
[BlackElo "1842"]
[PlyCount "82"]
[EventDate "2013.??.??"]
[EventType "tourn (corr)"]
[EventRounds "4"]
[SourceTitle "Telechess CBM 165"]
[Source "ChessBase"]
[SourceDate "2015.03.11"]
[SourceVersion "1"]
[SourceVersionDate "2015.03.11"]
[SourceQuality "1"]
[WhiteTeam "Ireland"]
[BlackTeam "France"]
[WhiteTeamCountry "IRL"]
[BlackTeamCountry "FRA"]

1. e4 c5 2. d4 cxd4 3. c3 Nf6 4. e5 Nd5 5. Nf3 Nc6 6. Bc4 Nb6 7. Bb3 d5 8. exd6 Qxd6 9. 0-0 Be6 10. Na3 dxc3 11. Bxe6 Qxe6 12. Nb5 Qd7 13. Qe2 0-0-0 14. Nxc3 Qf5 15. Be3 e5 16. Qb5 Kb8 17. Bxb6 axb6 18. Na4 Bc5 19. Nxc5 bxc5 20. Qxc5 f6 21. Rac1 Rd7 22. Rfe1 Rhd8 23. h3 Qe6 24. b3 g5 25. Rc4 h5 26. Rec1 g4 27. Qb6 Rd1+ 28. Kh2 R8d6 29. Ng1 R1d2 30. a4 Qd7 31. a5 Ne7 32. Qc5 Rc6 33. Qe3 Nf5 34. Qe1 Qd5 35. hxg4 Nh4 36. Qf1 Rxc4 37. bxc4 Qe4 38. a6 hxg4 39. Rb1 Ka8 40. axb7+ Kb8 41. Re1 Qh7 0-1

[Event "IECC O-3531"]
[Site "IECC email"]
[Date "2012.10.23"]
[Round "?"]
[White "Walsh, Kevin"]
[Black "Basson, Heinrich"]
[Result "1/2-1/2"]
[WhiteElo "1639"]
[BlackElo "1685"]
[PlyCount "30"]
[EventDate "2012.??.??"]
[EventType "swiss (corr)"]
[EventRounds "2"]
[SourceTitle "Corr 2020"]
[Source "ChessBase"]
[SourceDate "2019.09.30"]
[SourceVersion "1"]
[SourceVersionDate "2019.09.30"]
[SourceQuality "1"]
[WhiteTeam "Ireland"]
[BlackTeam "South Africa"]
[WhiteTeamCountry "IRL"]
[BlackTeamCountry "RSA"]

1. d4 d5 2. Bf4 Nf6 3. e3 c6 4. Bd3 e6 5. Nd2 Be7 6. h3 c5 7. c3 0-0 8. Ngf3 Bd6 9. Bxd6 Qxd6 10. Ne5 b6 11. Qe2 a5 12. 0-0 a4 13. f4 Ba6 14. Ndf3 Bxd3 15. Qxd3 Nc6 1/2-1/2

[Event "IECC CL4-2012.03 email"]
[Site "IECC email"]
[Date "2012.05.11"]
[Round "?"]
[White "Hargreaves, John Richard"]
[Black "Walsh, Kevin"]
[Result "1/2-1/2"]
[WhiteElo "1684"]
[BlackElo "1630"]
[PlyCount "68"]
[EventDate "2012.??.??"]
[EventType "tourn (corr)"]
[EventRounds "4"]
[SourceTitle "Telechess CBM 165"]
[Source "ChessBase"]
[SourceDate "2015.03.11"]
[SourceVersion "1"]
[SourceVersionDate "2015.03.11"]
[SourceQuality "1"]
[WhiteTeam "England"]
[BlackTeam "Ireland"]
[WhiteTeamCountry "ENG"]
[BlackTeamCountry "IRL"]

1. e4 d6 2. d4 Nf6 3. Nc3 c6 4. Nf3 Bg4 5. Be2 e6 6. 0-0 Be7 7. h3 Bxf3 8. Bxf3 d5 9. e5 Nfd7 10. Ne2 c5 11. c3 Nc6 12. Qd2 Qb6 13. b3 Rc8 14. Rd1 cxd4 15. cxd4 0-0 16. Bb2 a6 17. Bg4 Rc7 18. Rac1 Rfc8 19. Qe3 Qa5 20. Rd2 Nd8 21. Bc3 Bb4 22. Rdc2 Bxc3 23. Nxc3 Rc6 24. Bh5 Nf8 25. Qd3 Ng6 26. Bxg6 hxg6 27. Kf1 Qc7 28. a4 Qb6 29. Ne2 Rxc2 30. Rxc2 Rxc2 31. Qxc2 Nc6 32. Qd3 Qb4 33. g3 Na5 34. Nc1 Nc6 1/2-1/2

[Event "IECC KO-3083"]
[Site "IECC email"]
[Date "2012.02.29"]
[Round "?"]
[White "Bottoni, Carlo"]
[Black "Walsh, Kevin"]
[Result "1-0"]
[WhiteElo "1806"]
[BlackElo "1652"]
[PlyCount "79"]
[EventDate "2012.??.??"]
[EventType "match (corr)"]
[EventRounds "2"]
[SourceTitle "Telechess CBM 165"]
[Source "ChessBase"]
[SourceDate "2015.03.11"]
[SourceVersion "1"]
[SourceVersionDate "2015.03.11"]
[SourceQuality "1"]
[WhiteTeam "Italy"]
[BlackTeam "Ireland"]
[WhiteTeamCountry "ITA"]
[BlackTeamCountry "IRL"]

1. e4 Nf6 2. Nc3 d5 3. exd5 Nxd5 4. Bc4 Nb6 5. Bb3 Nc6 6. Nf3 Bf5 7. d4 e6 8. 0-0 Na5 9. Bg5 Be7 10. Bxe7 Qxe7 11. Qe2 0-0 12. Ne4 Nxb3 13. axb3 Nd5 14. Ne5 Rfd8 15. Ng3 Bg6 16. c3 a6 17. b4 Qf6 18. b5 a5 19. f4 Bf5 20. Qf3 Qe7 21. c4 f6 22. cxd5 fxe5 23. fxe5 Qb4 24. Nxf5 exf5 25. Rfd1 Qxb5 26. Rac1 Rac8 27. d6 cxd6 28. Rxc8 Rxc8 29. Qxf5 Rd8 30. Qe6+ Kh8 31. Qe7 Re8 32. Qxd6 Qxb2 33. Rf1 Qb3 34. Qd7 Rg8 35. e6 Qe3+ 36. Kh1 Qe2 37. Qf7 a4 38. d5 a3 39. d6 a2 40. d7 1-0

[Event "IECC Swiss-556.1"]
[Site "IECC email"]
[Date "2011.02.24"]
[Round "?"]
[White "Walsh, Kevin"]
[Black "Simmelink, Joop Theo"]
[Result "0-1"]
[WhiteElo "1751"]
[BlackElo "2234"]
[PlyCount "60"]
[EventDate "2011.??.??"]
[EventType "swiss (corr)"]
[EventRounds "1"]
[SourceTitle "Telechess CBM 145"]
[Source "Chessbase"]
[SourceDate "2011.11.11"]
[SourceVersion "1"]
[SourceVersionDate "2011.11.11"]
[SourceQuality "1"]
[WhiteTeam "Ireland"]
[BlackTeam "Netherlands"]
[WhiteTeamCountry "IRL"]
[BlackTeamCountry "NED"]

1. d4 d5 2. e4 dxe4 3. Nc3 Nf6 4. f3 exf3 5. Nxf3 g6 6. Bc4 Bg7 7. 0-0 0-0 8. Qe1 Nc6 9. Qh4 Bf5 10. h3 Bxc2 11. Rf2 Bf5 12. Bh6 Qd6 13. Rd1 Rad8 14. a3 Bxh6 15. Qxh6 e6 16. Ne2 b5 17. Ba2 b4 18. Ng5 bxa3 19. g4 Ne7 20. bxa3 Qxa3 21. Bb1 Rb8 22. gxf5 Rxb1 23. Rxb1 Nxf5 24. Rxf5 exf5 25. Re1 Qe3+ 26. Kf1 Rb8 27. h4 Rb3 28. h5 Qd2 29. hxg6 Rf3+ 30. Kg2 Rf2+ 0-1

[Event "IECC M email"]
[Site "IECC email"]
[Date "1999.02.07"]
[Round "?"]
[White "Koolsbergen, Nico"]
[Black "Walsh, Kevin"]
[Result "1-0"]
[WhiteElo "1830"]
[BlackElo "1830"]
[PlyCount "81"]
[EventDate "1999.??.??"]
[EventType "tourn (corr)"]
[EventRounds "6"]
[SourceTitle "Corr 2008"]
[Source "ChessBase"]
[SourceDate "2008.06.24"]
[SourceVersion "1"]
[SourceVersionDate "2008.06.24"]
[SourceQuality "1"]

1. c4 f5 2. d4 e6 3. Nc3 Nf6 4. e3 d5 5. Nf3 c6 6. cxd5 exd5 7. Be2 Bd6 8. Bd2 0-0 9. 0-0 Be6 10. Qb3 Qe7 11. Ng5 Bc8 12. Rfc1 h6 13. Nf3 Nbd7 14. Bd3 Ne4 15. Be1 Kh8 16. Ne2 Ndf6 17. Nh4 Kh7 18. f3 g5 19. fxe4 fxe4 20. Bc2 gxh4 21. Bxh4 Bxh2+ 22. Kh1 Bd6 23. Rf1 Qg7 24. Nf4 Qg4 25. g3 b6 26. Bd1 Qg7 27. Qc3 Bd7 28. Rc1 Rg8 29. b4 Rac8 30. a4 Bxf4 31. Rxf4 Ne8 32. Bh5 Be6 33. Rcf1 Nd6 34. Rf6 Rgf8 35. Qe1 Rxf6 36. Rxf6 Qd7 37. Qf2 Ne8 38. Bg6+ Kg7 39. Bxe8 Rxe8 40. Qf4 Rh8 41. Qe5 1-0

[Event "IECC TH-M email"]
[Site "IECC email"]
[Date "1998.04.08"]
[Round "?"]
[White "Walsh, Kevin"]
[Black "Barr, Epstein"]
[Result "1/2-1/2"]
[WhiteElo "1876"]
[BlackElo "1680"]
[PlyCount "101"]
[EventDate "1998.??.??"]
[EventType "match (corr)"]
[EventRounds "2"]
[SourceTitle "Corr 2008"]
[Source "ChessBase"]
[SourceDate "2008.06.24"]
[SourceVersion "1"]
[SourceVersionDate "2008.06.24"]
[SourceQuality "1"]

1. e4 e5 2. Nf3 f5 3. Nc3 fxe4 4. Nxe4 Nf6 5. Nxf6+ Qxf6 6. d4 e4 7. Qe2 d5 8. Ne5 c6 9. Qh5+ g6 10. Qg5 Qxg5 11. Bxg5 Bg7 12. f4 Nd7 13. Be2 Nf8 14. c3 Ne6 15. h4 0-0 16. 0-0 Re8 17. Ng4 Nxd4 18. cxd4 Bxg4 19. Bxg4 h6 20. Bxh6 Bxh6 21. h5 Bg7 22. Rad1 e3 23. Rfe1 gxh5 24. Bxh5 Re4 25. g3 Rxd4 26. Rxd4 Bxd4 27. Kg2 Rd8 28. g4 Bb6 29. Bg6 d4 30. Bd3 Bc7 31. Kf3 Re8 32. Re2 c5 33. b3 a6 34. Rh2 Rf8 35. Bf5 Rf6 36. Bh7+ Kf8 37. Bf5 Rf7 38. Rh8+ Ke7 39. Rh6 a5 40. Re6+ Kf8 41. Rh6 a4 42. Rh8+ Ke7 43. Rh7 Rxh7 44. Bxh7 Bxf4 45. Bd3 axb3 46. axb3 Bh6 47. Ke4 Kf6 48. Kd5 b6 49. b4 Bf8 50. bxc5 bxc5 51. Be2 1/2-1/2

[Event "IECC TH-M email"]
[Site "IECC email"]
[Date "1998.04.01"]
[Round "?"]
[White "Klubeck, Martin"]
[Black "Walsh, Kevin"]
[Result "1/2-1/2"]
[WhiteElo "1897"]
[BlackElo "1875"]
[PlyCount "51"]
[EventDate "1998.??.??"]
[EventType "match (corr)"]
[EventRounds "2"]
[SourceTitle "Corr 2008"]
[Source "ChessBase"]
[SourceDate "2008.06.24"]
[SourceVersion "1"]
[SourceVersionDate "2008.06.24"]
[SourceQuality "1"]

1. e4 e5 2. Nf3 f5 3. Nxe5 Nc6 4. Nxc6 dxc6 5. e5 Be6 6. d4 Qh4 7. Be2 0-0-0 8. c3 c5 9. 0-0 cxd4 10. g3 Qe4 11. Bf3 Qxe5 12. Re1 Qf6 13. Qe2 Bd5 14. Bxd5 Rxd5 15. cxd4 Rxd4 16. Be3 Rd8 17. Bxa7 Nh6 18. Qc4 Ng4 19. Nc3 Ne5 20. Qe2 Nc6 21. Be3 h5 22. h4 Nd4 23. Bxd4 Rxd4 24. Qe8+ Rd8 25. Qa4 Kb8 26. Re8 1/2-1/2